| 000 | 01712nam a2200241 4500 | ||
|---|---|---|---|
| 005 | 20160404132359.0 | ||
| 008 | 160404s1822 sp |||fr|||| 001 0 spa d | ||
| 040 |
_aCO-BoUCM _bspa _cSandra Yazo _dSandra Yazo |
||
| 041 | 0 | _aspa | |
| 082 | 0 | 4 |
_220 _a241.5 |
| 092 | _aE39N003 | ||
| 100 | 1 |
_aLamourette, Antoine-Adrien _d1742-1794 _976417 |
|
| 245 | 1 | 3 |
_aLas delicias de la religión cristiana, o el poder del evangelio para hacernos felíces _ctraducida de la obra que escribió en frances el señor abate Lamourete |
| 260 |
_aValencia (España) _bImprenta de José Ferrer de Orga _c1822 |
||
| 300 |
_axxiv, 383 páginas _c15 x 11 cm. |
||
| 500 | _aDetalles físicos: Encuadernación rígida en cartón forrado en cuero. Lomo con tejuelo, adornos en dorado y repujados. Guardas en papel de agua. Anteportada con sello de tinta. Portadas impresas en una sola tina. Texto impreso en una sola columna. Ejemplares en buen estado de conservación. Algunas notas al pie de página. En portada con firma. Pág. 90 rota | ||
| 505 | 0 | _aInnovación ; Engaño de la felicidad ; Solidad de la felicidad del mundo ; Solidez de la felicidad que da la virtud ; Excelencia y dulzura de la justicia cristiana ; Sencillez y facilidad de las obligaciones de la vida evangélica ; Reglas de la conducta exterior del hombre religioso ; Los deberes del hombre religioso para con sus cementantes ; El hombre religioso en la campaña ; Los últimos días del hombre religioso ; Uso de las relaciones e instrucciones ; Conclusión | |
| 506 | _aConsulta en sala | ||
| 650 | 7 |
_938793 _aTeología moral |
|
| 650 | 7 |
_929859 _aFelicidad _xAspectos religiosos |
|
| 690 |
_aTeología _925230 |
||
| 942 |
_2LOCAL _cLIBRO _e1 _hE39N003 |
||
| 999 |
_c303110 _d303110 |
||